[Event "Dyfed Open"]
[Site "?"]
[Date "2018.02.18"]
[Round "4"]
[White "Haigh, Tony"]
[Black "French, Max"]
[Result "0-1"]
[WhiteElo "1799"]
[BlackElo "1997"]
[Annotator "Rudy"]
[PlyCount "64"]
[EventDate "2018.??.??"]

1. d4 Nf6 2. Bg5 c5 3. Bxf6 gxf6 4. d5 Qb6 5. Qc1 f5 (5... e5 6. g3 {Haigh-IC
Jones, Dyfed Open 2012,0-1}) 6. e3 Bg7 7. c3 d6 {main} (7... h5 8. h4 Qg6 9.
Nh3 e5 10. dxe6 fxe6 11. Na3 d5 {Haigh-R Van Kemenade, Dyfed League 2013,1-0})
8. g3 (8. Nd2) (8. Ne2) 8... Nd7 9. Nd2 Ne5 (9... Nf6 {main}) 10. Qc2 (10. Ngf3
Nxf3+ 11. Nxf3 Bd7 12. a4 Qb3 13. Qd2 Bxa4 14. Ra3 Bxc3 15. Rxb3 Bxd2+ 16. Nxd2
Bxb3 17. Bb5+ Kd8 18. Nxb3 $11 {Martin Consuegra-Rodriguez Bachiller, Mostoles
Bicentenary 2008,1/2-1/2}) 10... e6 (10... O-O) 11. dxe6 (11. Nh3 exd5 12. Nf4
Be6 13. Bg2 $11 {Komodo11}) 11... fxe6 12. O-O-O {a bit exposed here} (12. f4
Ng4 13. Nc4 Qc6 14. Bg2 d5 15. h3 Nh6 16. Ne5 Bxe5 17. fxe5 Rg8 18. Ne2 Qa6 19.
O-O Bd7 $15) 12... Qc6 (12... Bd7) 13. e4 O-O 14. f3 (14. Nh3 b5 15. Bg2 Rb8
16. Nf4 (16. f4 Ng4 17. Rhe1 $11) 16... Qa6 17. Kb1 b4 $14) 14... b5 (14... d5
$17 {Fritz11SE & Komodo11}) 15. Bg2 c4 16. Nh3 Nd3+ (16... b4 17. Kb1 bxc3 18.
bxc3 Nd3 19. Ka1 Rb8 $19 {both Engines}) 17. Kb1 fxe4 (17... Rb8 $19 {
Komodo11- the Bl piecesw are sweeping in, & Wh has little activity}) 18. Nxe4
e5 (18... d5 {Houdini1.5 & Fritz11SE}) (18... b4 $17 {Komodo11}) 19. Nhf2 (19.
f4 $5) 19... d5 $19 20. Nxd3 cxd3 21. Qb3 Kh8 22. Nd2 Be6 {the Bl pieces get
ready to invade} 23. Rhe1 d4 (23... a5 $19 {Komodo11}) 24. Qa3 b4 (24... e4 25.
Nxe4 b4 $19 {all 3 Engines}) 25. cxb4 Qc2+ 26. Ka1 a5 27. bxa5 (27. b5 $15 {
keeps files closed for a little}) 27... Rfb8 $19 {all 3 Engines} 28. Bf1 (28.
b3 Bf8 29. Qb2 Bb4 30. Ne4 Rxa5 $19 {Komodo11}) 28... Rxa5 $1 29. Bxd3 Rxa3 30.
Bxc2 Rxa2+ 31. Kb1 Rbxb2+ 32. Kc1 Rxc2+ 0-1

[Event "Dyfed Open"]
[Site "?"]
[Date "2018.02.18"]
[Round "4"]
[White "Van Kemenade, Rudy"]
[Black "Moore, Robert"]
[Result "1-0"]
[WhiteElo "1981"]
[BlackElo "1840"]
[Annotator "Rudy"]
[PlyCount "67"]
[EventDate "2018.??.??"]

1. f4 d5 2. Nf3 c5 (2... Nf6 3. g3 g6 4. Bg2 Bg7 5. O-O O-O 6. d3 c5 7. Qe1 Nc6
8. c3 Qc7 9. Na3 Re8 10. e4 {Van Kemenade- Moore, WCPl 2013,1/2-1/2}) 3. g3 Nf6
4. Bg2 Nc6 5. O-O e6 6. d3 (6. c3 Bd6 7. Na3 O-O 8. Nc2 b6 9. d3 Ba6 10. Qe1 {
Van Kemenade- Moore, Dyfed Open 2009,0-1}) 6... Be7 (6... Bd6) 7. c3 (7. e4 $5)
7... O-O 8. Qc2 (8. Qe1) 8... b5 (8... b6) (8... Qc7) 9. e4 Qb6 (9... dxe4) (
9... c4 {main lines}) 10. e5 (10. Kh1 Bb7 11. e5 Nd7 12. Nbd2 f6 13. exf6 Bxf6
14. Re1 Rae8 15. Bh3 Ncb8 16. d4 {Pekar-Pecinka, Usti nad Orlici op 2006,1-0})
(10. c4 $6) 10... Nd7 11. a4 (11. Be3) 11... a5 (11... c4+ 12. d4 b4 13. Qf2
Rb8 $15 {Stockfish9}) 12. axb5 Qxb5 13. Na3 Qb6 14. c4 (14. Be3) 14... Nb4 15.
Qe2 Ba6 16. g4 (16. Be3 $11) 16... Rad8 (16... Nb8 17. Be3 N8c6 18. b3 Rad8 $15
19. Rab1) 17. f5 {breaking too early} exf5 (17... Rfe8 18. Bf4 exf5 19. gxf5
Bd6 20. Ng5 f6 21. Ne6 Bxe5 22. Qg4 Re7 23. Nxd8 Qxd8 $17 {Stockfish9}) 18.
gxf5 Rfe8 19. Qd1 $6 {hoping for Q side play} (19. e6 {intended earlier} fxe6 (
19... Bf6 20. Ng5 (20. exf7+ Kxf7 21. Ng5+ Kg8 22. Qh5 Bxg5 23. Bxg5 Nf6 $15)
20... fxe6 21. fxe6 h6 22. Qh5 Bd4+ 23. Kh1 Ne5 24. Nf7 Qxe6 25. Nxd8 Rxd8 26.
Nb5 Bxb5 27. cxb5 Nexd3 28. Bh3 Qe4+ 29. Bg2 Qe6 30. Bh3 $11 {Komodo11})) (19.
Bf4 {also considered} Bd6 (19... Nxe5 20. Nxe5 Bf6 21. Rae1 Bxe5 22. Bxe5 f6
23. Qg4 Rxe5 24. Rxe5 fxe5 25. f6 Qc7 26. f7+ Kf8 27. Qf5 Rd7 $11) 20. Ng5 f6
$15 {as in previous note}) 19... dxc4 $19 20. Nxc4 Bxc4 21. dxc4 Nxe5 22. Qa4 (
22. Qb3) 22... Nxf3+ (22... Nxc4 {looked at in pm analysis & considered
winning for Bl} 23. b3 Nd6 24. Qxa5 Qxa5 25. Rxa5 Nxf5 26. Ne5 g6 $19 {
Stockfish9} (26... Nd4 27. Nxf7 Nxb3 28. Nxd8 Nxa5 29. Ne6 c4 {& Bl is2 pawns
up})) 23. Bxf3 (23. Rxf3 {may be better to protect f5}) 23... Qd6 (23... Qf6)
24. Qxa5 (24. Re1) 24... Qd4+ 25. Kh1 Qxc4 (25... Qh4 26. Be3 Rd2 $1 $19 {
Stockfish9}) 26. Be3 Nc2 (26... Nd3 {expected} 27. Ra4 Qb3 28. Re4 Bf8 $19 {Wh
doesn't have enough play for the pawn & another is about to drop off}) 27. Rac1
Rc8 {getting behind a possible threatened pawn, but going on the defensive} (
27... Qd3 28. Bg1 Nd4 $17 {controlling the centre- Stockfish9}) 28. Bb7 (28.
Qd2 Nxe3 29. Rxc4 Nxc4 30. Qc3 Nd6 31. Rg1 Bf8 32. f6 g6 33. Bd5 $11 {
Stockfish9}) 28... Rb8 (28... Qb3 $1 $19 {Stockfish9} 29. Bxc8 {Wh was wary of
ceding the long diagonal} Qd5+ 30. Kg1 Nxe3 31. Rf2 Rxc8 32. Qd2 Qxd2 33. Rxd2
Nxf5 $19) 29. Qc7 (29. Bc6 Rec8 30. Bf4 Rxc6 31. Bxb8 Qe4+ 32. Kg1 Rc8 33. Qd2
Bf6 34. Qxc2 Bd4+ 35. Rf2 Bxf2+ 36. Qxf2 Rxb8 37. Rxc5 h6 $19 {Wh's K is
precariously open} 38. Rc1 Qe5 39. Re1 Qf6 40. Re2 Rb5 $19 {Stockfish9}) 29...
Kf8 {defending again} (29... Qb3 $19 {attacks 2 Bs}) 30. f6 $1 $18 {seizing
the opportunity} Bxf6 31. Rxf6 $1 Rbc8 (31... gxf6 32. Bh6+ (32. Qd6+ Re7 33.
Bh6+ Ke8 34. Bc6+ Rd7 35. Qxd7#) 32... Kg8 33. Qg3+ Qg4 34. Qxg4+ Kh8 35. Qg7#)
32. Qd6+ (32. Rxf7+ Qxf7 33. Bxc5+ Kg8 34. Qxf7+ Kxf7 35. Bxc8 Rxc8 36. Rxc2 {
also possible}) 32... Re7 (32... Kg8 33. Bd5) 33. Bd5 (33. Rf3 Nxe3 34. Qxe7+
Kxe7 35. Rxe3+ Kf8 36. Rxc4 $18 {Stockfish9}) (33. Rf4 Qe6 34. Qxe6 Rxe6 35.
Bxc8 Rxe3 36. Rxc2 $18 {Stockfish9}) (33. Bh6 Ke8 34. Bxg7 Qg4 35. Bc6+ Rxc6
36. Qxc6+ Qd7 37. Rxc2 $18 {Stockfish9}) (33. Bg5 $1 Rce8 34. Bd5 $18 {
Stockfish9}) 33... Qe2 (33... Qxd5+ 34. Qxd5 Nxe3 35. Qf3 gxf6 36. Qxf6 {the
Bl K is still exposed} Ke8 37. Rg1 (37. b4 Nd5 38. Qh8+ Kd7 39. Qxh7 $18) 37...
Re6 (37... Rcc7 38. Ra1 h5 39. Ra8+ Kd7 40. b4 $1 Nd5 (40... cxb4 41. Qd4+ Kc6
42. Ra6+ Kb7 43. Qb6+ Kc8 44. Ra8+ Kd7 45. Qb5+ (45. Qd4+) 45... Rc6 46. Ra7+
Kd6 47. Qxb4+ Rc5 48. Qb6+ (48. Rxe7) 48... Kd5 49. Qd8+ Kc4 50. Qxe7) 41. Qf5+
Kd6 42. Ra6+ Rc6 43. bxc5+ Kxc5 44. Ra5+ $18)) 34. Rxf7+ (34. Rxf7+ Kg8 35.
Rxg7+ Kh8 (35... Kxg7 36. Qxe7+ Kg6 37. Qf7#) 36. Qxe7 Qh5 37. Rg2 Qg6 38. Qe5+
Qf6 39. Qxf6#) 1-0

[Event "Dyfed Open"]
[Site "?"]
[Date "2018.02.18"]
[Round "4"]
[White "Brown, Thomas"]
[Black "Fowler, Hugo"]
[Result "1-0"]
[WhiteElo "2085"]
[BlackElo "1786"]
[Annotator "Rudy"]
[PlyCount "61"]
[EventDate "2018.??.??"]

1. d4 Nf6 2. c4 g6 3. Nc3 d5 4. cxd5 Nxd5 5. e4 Nxc3 6. bxc3 Bg7 7. Be3 (7. Bc4
) (7. Nf3) 7... c5 8. Rc1 (8. Qd2) 8... O-O (8... Qa5) 9. Nf3 Nc6 10. d5 Ne5
11. Nxe5 Bxe5 12. f4 (12. Bxc5 Qa5 13. Bd4 Bxd4 14. Qxd4 Qxa2) 12... Bg7 13.
Bxc5 $146 (13. Qd2 {main}) (13. Bc4 {Komodo9}) 13... Qc7 14. Be3 Bxc3+ 15. Kf2
{Stockfish8} (15. Bd2 Bxd2+ 16. Qxd2 Qd6 $11 {Komodo11}) 15... Qa5 (15... Bd7 {
Cloud Engines}) 16. Qd3 {Fritz11SE} (16. Qb3 {Komodo11}) 16... Bg7 17. Qd2
Qxd2+ 18. Bxd2 $16 Rd8 19. Bb4 {Wh has a bit more space & easier development}
e6 (19... Kf8) 20. Be7 Re8 21. d6 Bd4+ 22. Kf3 Bd7 23. Rc7 Bc6 24. Ba6 Bb6 (
24... Rab8) 25. Bxb7 $18 Bxc7 (25... Bxb7 26. Rxb7 Rec8 27. Bf6 Bd8 28. d7 Rc2
29. e5 Bxf6 30. exf6 Rd8 31. Rd1 $18 {Komodo11}) 26. Bxc6 Bb6 (26... Bxd6 27.
Bxd6 Red8 28. Be7 Rd3+ 29. Ke2 Rad8 30. Bxd8 Rxd8 31. Rd1 $18) 27. Bxa8 (27. e5
) 27... Rxa8 28. Rb1 (28. d7) 28... f5 29. Rxb6 axb6 30. d7 fxe4+ 31. Kxe4 1-0

[Event "Dyfed Open"]
[Site "?"]
[Date "2018.02.18"]
[Round "4"]
[White "Zeidler, Sven P."]
[Black "Leah, Howard"]
[Result "1-0"]
[WhiteElo "2165"]
[BlackElo "1467"]
[Annotator "Rudy"]
[PlyCount "51"]
[EventDate "2018.??.??"]

1. e4 c5 2. f4 d5 3. exd5 Qxd5 4. Nc3 Qd8 5. Nf3 a6 6. Ne5 (6. d4) 6... Nf6 7.
a4 (7. Qf3 {main}) (7. Bc4 e6 8. Qf3) 7... b6 $146 8. Bc4 (8. Be2 {Komodo11})
8... e6 9. Qe2 (9. Qf3 Ra7 10. O-O Be7 $11) 9... Bd6 10. O-O O-O 11. d3 (11. b3
Bb7 12. Bb2 Qc7 $11) 11... Qc7 (11... Bb7 $15 {Komodo11}) 12. Ng4 (12. Ne4)
12... Nxg4 13. Qxg4 f5 (13... Nc6 14. Qf3 Bb7 15. Qf2 Nd4 $15 {Komodo11}) (
13... e5 14. f5 Kh8 15. Qh4 $18) 14. Qe2 Rf6 (14... Kh8 $11) (14... Nc6 15.
Bxe6+ $14) (14... Qf7 $11) 15. Nd5 $1 $18 exd5 16. Bxd5+ Kh8 17. Bxa8 Bb7 (
17... Nc6 18. Qe8+ $18) 18. Bxb7 Qxb7 19. Bd2 Qf7 20. Bc3 (20. Rae1) 20... Re6
21. Qf3 h6 22. Qd5 (22. Rae1) 22... Qe7 23. Rae1 Rxe1 24. Rxe1 Qf8 25. Qb7 b5
26. Re8 1-0

[Event "Dyfed Open"]
[Site "?"]
[Date "2018.02.18"]
[Round "4"]
[White "Greatorex, Roger"]
[Black "Miles, Richard"]
[Result "1/2-1/2"]
[WhiteElo "1722"]
[BlackElo "1960"]
[Annotator "Rudy"]
[PlyCount "54"]
[EventDate "2018.??.??"]

1. d4 Nf6 2. c4 g6 3. Nc3 Bg7 4. e4 d6 5. f3 O-O 6. Bg5 c5 7. d5 e6 8. Qd2 exd5
9. cxd5 Re8 10. Be2 (10. Nge2 {main}) 10... a6 11. a4 Qa5 12. Ra3 Nbd7 13. Bb5
$146 (13. Nh3 {only move played}) 13... Qc7 $15 (13... axb5 14. axb5 Nxe4 $1
15. Nxe4 Qxd2+ 16. Kxd2 Rxa3 17. bxa3 Re5 $17 {Stockfish9}) 14. Bxd7 Nxd7 $15
15. a5 Ne5 $19 16. Qe2 (16. Qc2 Bd7 17. Nge2 Nc4 18. Ra1 Nxa5 $19) 16... b5 17.
axb6 Qxb6 18. Na4 Qc7 (18... Qb4+ 19. Bd2 Qb5 $19) 19. f4 Bg4 20. Nf3 Nxf3+ 21.
gxf3 Bh3 $19 22. Nc3 Qb6 23. Kf2 Bd4+ 24. Kg3 Bd7 25. Rha1 a5 26. R1a2 Kg7 27.
Kg2 Ra7 $15 (27... Kg8) 1/2-1/2

[Event "Dyfed Open"]
[Site "?"]
[Date "2018.02.18"]
[Round "4"]
[White "Francis, Matthew"]
[Black "Taylor, Robert Graham"]
[Result "1/2-1/2"]
[WhiteElo "1694"]
[BlackElo "1906"]
[Annotator "Rudy"]
[PlyCount "119"]
[EventDate "2018.??.??"]

1. d4 Nf6 2. Nf3 e6 3. e3 c5 4. Bd3 b6 5. O-O Bb7 6. Nbd2 (6. c4) 6... d5 7. b3
Nbd7 8. Bb2 Be7 9. Re1 (9. Ne5 {main}) 9... O-O 10. Ng5 $146 (10. Ne5 {main})
10... h6 11. Nh3 Rc8 $15 12. f3 Re8 (12... Qc7 $17) 13. Nf2 Qc7 14. c4 Bd6 15.
Nf1 e5 (15... cxd4 16. exd4 dxc4 17. Bxc4 Bb4 $15 {Stockfish9}) 16. dxe5 (16.
cxd5 $11) 16... Nxe5 (16... Bxe5) 17. Bf5 $16 Rcd8 18. Qc2 (18. f4 d4 (18...
Ned7 19. Bxd7 Nxd7 20. cxd5 $16) 19. fxe5 Rxe5 20. Qc2 Rde8 21. Re2 $16 {
Stockfish9}) 18... dxc4 19. e4 (19. bxc4 Nxf3+ 20. gxf3 Bxf3 21. Nh3 Ne4 22.
Bxe4 Rxe4 23. Nf4 Bxf4 24. exf4 Rxf4 25. Ng3 Rg4 26. Qf2 Bb7 27. Rad1 Rg6 $15
28. Rxd8+ Qxd8 29. Qf4 h5 30. Kf2 Rg4 31. Qe5 $11 {Stockfish9}) 19... cxb3 (
19... Nd3 $19 {Stockfish9}) 20. axb3 a5 (20... Nh5 $17 {Stockfish9}) 21. f4 $11
Ng6 (21... Nc6 22. e5 Nxe5 23. fxe5 Bxe5 24. Bxe5 Rxe5 25. Ng4 Nxg4 26. Bxg4 h5
27. Bh3 g6 {Bl has 3 pawns for the piece & some activity}) 22. Bxg6 fxg6 23. e5
$16 Qc6 24. Nd3 (24. Qxg6 $18) 24... c4 (24... Bc7 25. exf6 gxf6 26. Nb4 Qxg2+
27. Qxg2 Bxg2 28. Bxf6 Rxe1 29. Rxe1 Rd7 30. Na6 Bxf1 31. Nxc7 Bh3 32. Re7 $16
{Stockfish9}) 25. Qxc4+ Qxc4 26. bxc4 Be7 27. exf6 gxf6 28. Rad1 (28. Red1 $18)
28... Ba6 29. Nc1 {retreating} (29. Ne3 $18 {Stockfish9}) (29. Rxe7 Rxe7 30.
Bxf6 Bxc4 31. Bxe7 Rxd3 32. Rxd3 Bxd3 33. Bd8 $18 {Stockfish9}) 29... Rxd1 (
29... Bc5+ 30. Kh1 Rxe1 31. Rxe1 Bxc4 32. Bxf6 Rd7 $17 {Bl's Q side pawns are
dangerous & the Wh Ns ineffective}) 30. Rxd1 Bxc4 $11 31. Kh1 (31. Kf2 {the K
is needed to fight in the endgame}) 31... b5 32. Re1 (32. Ne3 Be6 $15) 32...
Kf8 $17 (32... Kf7 $19) 33. Nd2 a4 (33... Bf7 $17) 34. Nxc4 bxc4 $11 35. Na2
Rd8 36. Bc3 f5 37. g3 g5 38. Kg2 (38. Re5 $18) 38... gxf4 39. gxf4 Kf7 40. Re2
Bd6 41. Rd2 (41. Kf3) 41... Rg8+ 42. Kf3 Be7 (42... Ke6) 43. Rd7 (43. Rd5 Kg6
44. Re5 Bd8 45. Rc5 $18 {Stockfish9}) 43... Ke6 44. Rc7 Rg1 45. Rxc4 $18 a3 46.
Be5 Rf1+ 47. Kg2 (47. Ke2 Rh1 48. Rc6+ Kd5 49. Rxh6 $18 {Stockfish}) 47... Rd1
48. Rc2 h5 49. Bc3 (49. Nc3 Rd3 50. Nb5 Kd7 51. Nd4 Bd6 52. Bxd6 Kxd6 53. Nxf5+
Kd5 54. Ng3 h4 55. Ne2 $18 {Stockfish9, the extra pawn helps}) 49... Bd6 50.
Re2+ Kd5 51. Rd2+ (51. Be5 $16) 51... Rxd2+ 52. Bxd2 Kc4 $11 {however the Wh
pieces have retreated from active posts & theBl K is very energetic} 53. Nc1 a2
$6 (53... Bb4 54. Bxb4 Kxb4 55. Kh3 Kc3 56. Na2+ Kb3 57. Nc1+ Kc2 58. Na2 Kb3
$11) 54. Nxa2 $18 Kb3 55. Kh3 (55. Nc1+ $18 Kc4 (55... Kc2 56. Be3) 56. Kf3 Kd5
57. Ba5 {and eventually Wh will win the 2 K side pawns}) 55... Be7 (55... Kxa2
56. Kh4 Kb1 57. Kxh5 Kc2 58. Be3 Kd3 59. Bc1 Ke4 (59... Kc2 60. Be3 Kd3 $11)
60. Kg5 Bc7 61. h4 Bd8+ 62. Kh5 Be7 $11) 56. Be1 (56. Nc1+ $18) (56. Nb4 Kc4
57. Nc6 $18 {Stockfish9}) 56... Kxa2 $11 57. Bh4 Bc5 58. Bg5 Bf2 59. Bh4 Bc5
60. Bg5 1/2-1/2

[Event "Dyfed Open"]
[Site "?"]
[Date "2018.02.18"]
[Round "4"]
[White "Jones, Martin C"]
[Black "Whale, Michael"]
[Result "0-1"]
[WhiteElo "1769"]
[BlackElo "1743"]
[Annotator "Rudy"]
[PlyCount "102"]
[EventDate "2018.??.??"]

1. e4 e5 2. Nf3 Nc6 3. d4 exd4 4. Nxd4 d6 {not mentioned in theory books,
though has been played a couple of times by Marin, a chess author} (4... Bc5) (
4... Nf6 {main theoretical lines}) 5. Nxc6 (5. Nc3 Nf6 6. Bb5 Bd7 {transposes
to a Steinitz defence in the Ruy}) (5. Bb5 {likewise}) 5... bxc6 6. Bc4 (6. Nc3
Nf6 7. Bd3 {alternative setup used by Karjakin & other GMs#}) 6... Be6 (6...
Nf6 7. Nc3 Be7 8. O-O O-O 9. Re1 Nd7 {main}) 7. Qe2 (7. Bxe6 fxe6 8. O-O $14 {
though Bl has gained 2 wins & 3 draws}) 7... Be7 (7... g6 {Fritz15 & Stockfish9
}) 8. Bxe6 (8. O-O Bf6 (8... Nf6 9. Bf4 O-O 10. Nc3 Nd7 {2 Wh wins, 1 draw, 4
Bl wins}) 9. Nd2 Ne7 10. c3 O-O 11. Nb3 Bxc4 12. Qxc4 Qd7 {Benkunskiene-Kuvsino
enkunskiene-Kuvsinov, Saltinis op, Vilnius 2013,1/2-1/2}) 8... fxe6 9. Qh5+ {
a waste of 2 tempi, as Bl ic content to have his B cover the gap} (9. e5 {
Stockfish 9, is annoying because the e5 pawn disrupts Bl's development, or
leads to a structural mess} dxe5 10. Qh5+ g6 (10... Kf8 11. O-O Nf6 12. Qxe5
Qd5 13. Qe2 $16) 11. Qxe5 Bf6 12. Qe2 $16 (12. Qxe6+ Qe7 {allows a Q swap, but
seems a safe pawn to take, though Bl gets some play} 13. Qxe7+ Nxe7 14. Nd2 O-O
15. Nc4 Nd5 16. Be3 Rae8 17. O-O-O Re4 18. Nd2 Ra4 19. a3 Nxe3 20. fxe3 Bg5 21.
Rhe1 Rf2 22. Nf3 Rg4 23. Rd2 Rxd2 24. Kxd2 Rxg2+ 25. Re2 Rxe2+ 26. Kxe2 Bf6 27.
b3 $14 {Stockfish9 nudged})) 9... g6 10. Qe2 Bf6 11. c3 Bg7 12. Nd2 Ne7 13. Nf3
O-O $14 {Bl is actually better developed than Wh & has pressure down the f
file , also prospects on the b file} 14. Bg5 (14. h4 h6 15. h5 g5 16. O-O (16.
Nxg5 hxg5 17. Bxg5 {is briefly suggested by Stockfish9 as =} Qe8 18. f4 Bf6 19.
Bh6 Bg7 20. Bg5) 16... Qd7 17. Be3 c5 18. Rad1 Qe8 19. Nd2 Rb8 20. Nc4 Nc6 $11
{Stockfish9}) 14... Qd7 15. h4 (15. e5 Nd5 16. O-O Rf5 $11 {Stockfish9}) 15...
h6 16. Be3 (16. Bxe7 Qxe7 17. h5 g5 18. Nh2 Rab8 (18... Qf7 19. Ng4 a5 20.
O-O-O a4 $11) 19. Ng4 d5 $11 {Stockfish9}) 16... e5 {blocks in the B} (16... c5
17. O-O Rab8 $11 {Stockfish9}) 17. Qd2 (17. Qc4+ Kh8 18. O-O-O a5 19. h5 g5 20.
Nd2 a4 $11 {Stockfish9}) (17. h5 g5 18. Nd2 a5 $11 {though Bl has a horrible B
in any endgame}) 17... Qg4 18. Rg1 $2 (18. Kf1 d5 19. exd5 Nf5 20. Kg1 Rad8 21.
Rh3 cxd5 22. Bxa7 Qc4 $11 {Stockfish9, though the Wh pieces seem rather
awkwardly placed}) (18. Rh2 Rxf3 $19) 18... Rxf3 $19 19. O-O-O (19. Qe2 Rxe3 (
19... Raf8 20. O-O-O R3f4 21. f3 Qg3 22. Bxf4 Qxf4+ {Stockfish9}) 20. Qxe3 Qxh4
$19) 19... Rff8 20. f3 Qe6 21. Kb1 a5 (21... Kh7 {safe}) 22. Bxh6 a4 23. h5 a3
24. b3 Rab8 (24... gxh5 25. Bxg7 Kxg7 26. Qg5+ Kf7 27. Qxh5+ Qg6 28. Qxg6+ Nxg6
$19 {Stockfish9}) 25. Bxg7 Kxg7 26. hxg6 Nxg6 (26... Qxg6) 27. Rh1 Rh8 28. Kc2
Qf7 29. Qe3 Qf4 30. Qa7 Qf7 31. Rxh8 Rxh8 32. Qxa3 Rh2 33. Rd2 Nf4 34. Qa7 (34.
g3 Rxd2+ 35. Kxd2 Ne6 36. Ke3 Qg6 37. Kf2 Qh6 $19 {Stockfish9 nudged}) 34...
Rxg2 (34... c5) 35. Rxg2+ Nxg2 36. a4 Ne1+ 37. Kb2 Nd3+ 38. Ka3 Nc5 39. c4 Ne6
(39... Kg6 {Stockfish9 keeps the N on its agressive square} 40. Qb8 Qxf3 41.
Qg8+ Kh6 42. Qh8+ Kg5 43. Qg8+ Kf4 {there is no perpetual & the Bl K is just
nearer the centre pawns}) 40. Qf2 c5 41. a5 c6 (41... Nd4 42. a6 Nc6 $19) 42.
Qg3+ (42. Qh4 {would make Bl suffer over that advanced a pawn} Qf6 {only move
to keep an advantage} 43. Qg4+ Kf7 (43... Qg6 44. Qxg6+ Kxg6 45. a6 Nc7 {Ns
are very bad against R pawns as there is only one directiion to jumpin when
approached by the opposing K} 46. a7 Kg5 47. Ka4 Kf6 (47... Kf4 48. Ka5 $18)
48. Ka5 Ke6 49. Kb6 Kd7 50. Kb7 Na8 51. Kxa8 Kc8 52. f4 exf4 53. e5 dxe5 54. b4
cxb4 55. c5 b3 {stalemate}) 44. a6 Qh8 45. a7 Ke7 46. Qg6 Nc7 47. Ka4 Na8 48.
b4 cxb4 49. Kxb4 Kd7 50. Qf7+ Kc8 51. c5 Qd8 52. Qe6+ Kb7 53. cxd6 c5+ 54. Kc4
Nb6+ 55. Kxc5 Nd7+ 56. Kb4 Qb6+ 57. Kc3 Qc6+ 58. Qc4 Qxd6 59. Qb4+ Qxb4+ 60.
Kxb4 Kxa7 61. Kc4 Kb6 62. Kd5 Kc7 63. Ke6 Kc6 64. Kf5 Kd6 65. f4 $11 {
Stockfish9 nudged-gets rid of the last Bl pawn}) 42... Kf8 43. Qh3 Ke7 $19 44.
a6 Kd8 45. Qh8+ Qe8 (45... Nf8 46. Qh6 Kc7 47. a7 Qe8 $19 {Stockfish9}) 46.
Qxe8+ (46. a7 Nc7 47. Qf6+ Kc8 48. Qxd6 Kb7 49. Qxc5 Na6 50. a8=Q+ Qxa8 51.
Qe7+ Nc7+ 52. Kb2 Qa5 $19 {Stockfish9}) 46... Kxe8 47. Ka4 Nc7 48. Ka5 Na8 {
other moves only draw} 49. b4 (49. a7 Kd7 50. Ka6 Kc8) 49... cxb4 50. Kxb4 c5+
51. Kb5 Kd7 0-1

[Event "Dyfed Open"]
[Site "?"]
[Date "2018.02.18"]
[Round "4"]
[White "Di-Vetta, Andrew"]
[Black "Thomas, Roy"]
[Result "1/2-1/2"]
[WhiteElo "1665"]
[BlackElo "1706"]
[Annotator "Rudy"]
[PlyCount "144"]
[EventDate "2018.??.??"]

1. Nf3 e6 2. c4 Be7 3. Nc3 f5 4. d4 Nf6 5. a3 {seems little point in stopping
the B move a second time, though does no harm} (5. g3 {gets on with development
}) 5... O-O 6. Qc2 d5 7. cxd5 (7. e3) 7... exd5 8. Ne5 (8. Bg5 c6 9. e3 Ne4 10.
Bxe7 Qxe7 11. Ne5 Nd7 12. Nxd7 Bxd7 13. g3 f4 14. Nxe4 fxe3 15. fxe3 Bf5 16.
Bg2 Rae8 17. O-O {Nam-Degterev, Novosibirsk 2001,1/2-1/2}) 8... Ne4 (8... c5
$15 {Komodo11}) 9. f3 Nxc3 10. bxc3 Nd7 (10... c5 11. e3 Qc7 $15 {Komodo11})
11. Nxd7 (11. f4 $5 {Komodo11}) 11... Qxd7 12. f4 (12. e3 {Fritz13 & Komodo11
is more flexible ( Wh has no N to go to e5 anymore)}) 12... b6 13. e3 Bb7 14.
Bd3 c5 15. Qf2 Rac8 16. Bd2 Bc6 17. h4 {Wh seems determined to make his QB as
bad as possible} Ba4 (17... Bb5 $17) 18. O-O c4 19. Be2 Bb3 20. Bf3 Bc2 21.
Rfc1 Be4 {allows Wh to fill in the hole at e4} (21... Bd3) 22. Bxe4 fxe4 23.
Be1 Rc6 24. Kf1 Rh6 25. g3 Qg4 (25... g5 $19 {Fritz13 & Komodo11}) 26. Qe2 Qd7
27. Bf2 g5 28. Ke1 (28. hxg5 Rh1+ 29. Bg1 Bxg5 $15 (29... h6 30. gxh6 Rf6 31.
h7+ Kxh7 32. Qg2 Rfh6 33. Ke2 Qg4+ 34. Kd2 R1h3 35. Qe2 (35. Bf2 Rh2 $19 36.
Qg1 Qf3 37. Rf1 Rg2 $19) 35... Rxg3 $17 {Komodo11})) 28... gxh4 29. gxh4 Bxh4 {
Fritz13} (29... Kf7 30. Kd2 Rg8 $17 {Komodo11}) 30. Bxh4 (30. Kd2) 30... Rxh4
31. Kd2 Rf7 32. Rg1+ Rg7 33. Rg2 Rxg2 (33... Qb5 $1 $19 {Fritz13 & Komodo11})
34. Qxg2+ Rg4 35. Qh3 Qg7 (35... Rg7 $15 {Komodo11}) 36. Re1 (36. Rh1 $11 {
Komodo11}) 36... Rg2+ (36... Qg6 37. Rh1 b5 $15 {Komodo11}) 37. Re2 Rxe2+ 38.
Kxe2 $11 Qf7 39. Qg4+ Qg6 40. Qc8+ Kg7 41. Qd7+ Kh6 42. Kf2 Qh5 43. Qe6+ Kg7
44. Qe7+ Kg8 45. Qe6+ Qf7 46. Qg4+ Kh8 47. Qg5 (47. Qc8+ {repeating?}) 47...
Qd7 48. Qe5+ Kg8 49. Ke1 Kf8 50. Qh8+ Ke7 51. Qxh7+ Kd8 52. Qh8+ (52. Qxd7+
Kxd7 {will be a draw, as athough Wh has a protected passed pawn, he needs to
bring his K up to try & force it through. But then Bl can push through on the
Q side with his majority there.}) 52... Kc7 53. Qe5+ Kc6 54. f5 Qd6 55. Qe8+ (
55. f6 Qxe5 56. dxe5 {Fritz13 considers this drawn; Komodo11 a Wh win} Kd7 57.
f7 Ke7 58. e6 Kf8 59. a4 Ke7 60. Kf2 a6 61. Kg3 b5 (61... a5 62. Kf4 b5 63.
axb5 a4 64. b6 a3 65. b7 a2 66. b8=Q (66. f8=Q+ Kxf8 67. b8=Q+ {standard trick}
) 66... a1=Q 67. f8=Q+ Kxe6 68. Qbe8#) (61... Kf8 62. Kf4 b5 63. axb5 axb5 64.
Ke5 Ke7 (64... b4 65. Kf6 bxc3 66. e7#) 65. Kxd5 b4 66. Kxc4 $18) 62. axb5 axb5
63. Kf2 Kf8 64. Ke2 Ke7 65. Kd2 {and Wh gets to b4 winning the b & d5 pawns -
all variations Komodo11 nudged}) 55... Kc7 $11 56. Qe5 Kc6 (56... Qxe5 57. dxe5
Kd7 58. e6+ Ke7 $11 {the Wh pawns are not advanced enough for Wh to create
mating threats, so has to stay near the Q side}) 57. a4 (57. f6 $18) 57... Qa3
$11 58. Qe8+ Kc7 59. Qf7+ Kc6 60. Qe6+ Kc7 61. f6 Qxc3+ $11 62. Kf1 Qd3+ 63.
Kg2 Qe2+ 64. Kh3 Qxe3+ 65. Kg4 Qf3+ 66. Kg5 Qg3+ 67. Kh6 Qh4+ 68. Kg7 Qg5+ 69.
Kf8 c3 70. Ke8 c2 71. Qd7+ Kb8 72. Qd6+ Kb7 1/2-1/2